000 00654nam a2200229Ia 4500
003 OSt
005 20220928103937.0
006 a|||||r|||| 00| 0
007 ta
008 220927b |||||||| |||| 00| 0 eng d
024 _a49628
037 _cTextual
040 _aSDCL
_cSDCL
_beng
041 _2eng
_aeng
082 _aR3xL7, M7
100 _aRundell John F
_9407643
245 0 _aOrigins of modernity
_b The origins of modern social theory from Kant to Hegal to Marx.
260 _aCambridge
_bPolity Press
_c1987
300 _a249p.
_ccm.
942 _hR3xL7, M7
_cTEXL
_2CC
999 _c723166
_d723166